|
|
|
|
| LEADER |
00000nbm0a2200000 4500 |
| 001 |
142885 |
| 005 |
20231031142910.0 |
| 035 |
|
|
|a (RuTPU)RU\TPU\book\154846
|
| 035 |
|
|
|a RU\TPU\book\154844
|
| 090 |
|
|
|a 142885
|
| 100 |
|
|
|a 20080912d1967 k y0rusy50 ca
|
| 101 |
0 |
|
|a rus
|
| 102 |
|
|
|a RU
|
| 105 |
|
|
|a a m 000zy
|
| 200 |
0 |
|
|a Т.2 (графические приложения)
|
| 210 |
|
|
|d 1967
|
| 461 |
|
|
|t Стратиграфия докембрия и нижнего палеозоя северо-западной части Кузнецкого Алатау
|o Диссертация на соискание ученой степени кандидата геолого-минералогических наук
|f Г. Ф. Горелов
|g Томский государственный университет (ТГУ) ; науч. рук. В. А. Хахлов
|v Т.2 (графические приложения)
|d 1967
|
| 610 |
1 |
|
|a диссертации
|
| 610 |
1 |
|
|a Кузнецкий Алатау
|
| 610 |
1 |
|
|a стратиграфия
|
| 610 |
1 |
|
|a докембрий
|
| 610 |
1 |
|
|a нижний палеозой
|
| 610 |
1 |
|
|a графические приложения
|
| 675 |
|
|
|a 551.72(04)
|v 3
|
| 675 |
|
|
|a 551.73(04)
|v 3
|
| 801 |
|
1 |
|a RU
|b 63413507
|c 20080912
|g PSBO
|
| 801 |
|
2 |
|a RU
|b 63413507
|c 20080912
|g PSBO
|
| 942 |
|
|
|c BK
|